01436cam a22003737a 4500003000500000005001700005008004100022010001000063011001000073035001000083040000900093090001000102100004000112245007900152260004000231300001000271502008100281590003700362590004100399590004100440590004100481590004200522650002600564650003700590650003200627650002500659901000700684942000900691949004300700949004800743999001700791952012600808952012800934CHAP20220329141204.0971010s1988 r 00010 d a64056 a65028 a71187 cCHAP aTesis00aRodríguez Machuca, Arturo.99866410aInducción de estro fértil en época de anestro en borregos corriedale aChapingo, Méx. :bEl autor,c1988 a79 h. aTesis (Ing. Agrónomo Esp. en Zootecnia) -- UACH. Departamento de Zootecnia aALEPHb10c20130110lUCH01h1349 aBATCH-UPDb10c20130110lUCH01h0733 aBATCH-UPDb10c20130410lUCH01h0416 aBATCH-UPDb10c20130914lUCH01h0931 aCONVERSIONb10c20130109lUCH01h133514aCiclo estrual.92307214aGanado lanarxFecundidad.94518114aGanado lanarxRazas.94521814aProgesterona.992245 aBK cFOLL bBCcTESd-154239eTS1h20689i71187si bBCcTESd-154240eTS2fc.2h20690i71187si c64056d64056 00102local4053708TESISaBCbBCcPA_TESISd2019-12-31fTESISl0p-154240r2019-12-31 00:00:00tc.2w2019-12-31yTESIS 00102local4051708TESISaBCbBCcPA_TESISd2019-12-31fTESISl0oTesisp-154239r2019-12-31 00:00:00w2019-12-31yTESIS